[Event "Reykjavik op"]
[Site "Reykjavik"]
[Date "2024.03.18"]
[Round "6"]
[White "Bottema, Martin"]
[Black "Abbott, James M"]
[Result "1/2-1/2"]
[WhiteElo "2053"]
[BlackElo "1852"]
[PlyCount "45"]
[EventDate "2024.03.15"]
[EventType "swiss"]
[EventRounds "9"]
[EventCountry "ISL"]
[SourceTitle "CBM 219 Extra"]
[Source "ChessBase"]
[SourceDate "2024.05.31"]
[SourceVersion "1"]
[SourceVersionDate "2024.05.31"]
[SourceQuality "1"]

1. c4 g6 2. Nf3 c5 3. g3 Bg7 4. Bg2 Nc6 5. Nc3 Nf6 6. d4 cxd4 7. Nxd4 0-0 8. 0-0 a6 9. c5 Qa5 10. Nb3 Qd8 11. Bf4 b5 12. cxb6 Qxb6 13. Be3 Qd8 14. Nd4 Ng4 15. Nxc6 dxc6 16. Qxd8 Rxd8 17. Bb6 Rd2 18. Rad1 Rxd1 19. Rxd1 Be6 20. Bxc6 Rf8 21. Bd4 Ne5 22. Bb7 Rb8 23. Bxa6 1/2-1/2